| 000 | 00597nam a2200229Ia 4500 | ||
|---|---|---|---|
| 999 |
_c5882 _d5882 |
||
| 003 | 0100 | ||
| 008 | 130227s9999 xx 000 0 und d | ||
| 040 | _cARRUPELIB | ||
| 050 | _aDT1182.C43 2011 | ||
| 100 |
_aChan, Stephen _931022 |
||
| 245 |
_aSouthern Africa _bold treacheries and new deceits _c/ by Stephen Chan |
||
| 260 |
_bYale University Press _aNew Haven _c2011 |
||
| 300 | _axiv | ||
| 300 | _b 302p. 24cm. | ||
| 650 |
_aAfrica, Southern _x Politics and government _y1994 _931023 |
||
| 942 |
_2lcc _cMONOGRAPH |
||